• 首页
  • 本馆介绍
  • 公告通知
  • 最新文献
  • 馆藏检索
  • 电子资源
  • 读者导购
  • 参考咨询
  • 我的图书馆
  • 登录
  • 详细信息显示
  • 放入我的书架
  • 预约/预借图书
  • 作者相关作品
  • 分类相关作品
  • 丛书相关作品
  • 出版社相关作品

书目信息

  • 表格格式
  • 工作单格式
  • 卡片格式
题名:
天使与魔鬼
    
 
作者: 蒋丰 著
分册:  
出版信息: 上海   上海交通大学出版社  2017
页数: 282页
开本: 21cm
丛书名:
单 册:
中图分类: G531.3
科图分类:
主题词: 教育研究--日本
电子资源:
ISBN: 978-7-313-15611-2
000 00925nam0 2200241 450
001 89
005 20180519103853.16
010    @a978-7-313-15611-2@dCNY49.80
100    @a20170905d2017 em y0chiy50 ea
101 0  @achi
102    @aCN@b310000
105    @ay z 000yy
200 1  @a天使与魔鬼@9tian shi yu mo gui@e日本教育面面观@f蒋丰著
210    @a上海@c上海交通大学出版社@d2017
215    @a282页@d21cm
300    @a一期一会 蒋丰看日本
330    @a本书作者始终关注中日两国的教育问题,通过30年来的旅日生活经验,用整整80篇文章,多方位多角度地阐述、分析日本的家庭教育、学校教育、社会教育,将日本青少年所面临的困境与危险、困惑与抗争、理想与发展等问题一一呈现,引人深思,是有关日本教育的全面、丰富的书籍。
517 1  @a日本教育面面观@9ri ben jiao yu mian mian guan
606 0  @a教育研究@y日本
690    @aG531.3@v5
701  0 @a蒋丰@9jiang feng@4著
801  0 @aCN@b91MARC@c20170905
905    @aMuseLib@dG531.3@e76
    
    天使与魔鬼:日本教育面面观/蒋丰著.-上海:上海交通大学出版社,2017
    282页;21cm
    一期一会 蒋丰看日本
    
    ISBN 978-7-313-15611-2:CNY49.80
    本书作者始终关注中日两国的教育问题,通过30年来的旅日生活经验,用整整80篇文章,多方位多角度地阐述、分析日本的家庭教育、学校教育、社会教育,将日本青少年所面临的困境与危险、困惑与抗争、理想与发展等问题一一呈现,引人深思,是有关日本教育的全面、丰富的书籍。
●
相关链接 在E读中查询图书 在五车中查询图书 在当当中查询图书 在豆瓣中查询图书


正题名:天使与魔鬼     索取号:G531.3/76         预约/预借

序号 登录号 条形码 馆藏地/架位号 状态 备注
1 1100460   211004606   第一样本阅览室/ [索取号:G531.3/76] 在馆    
2 1100461   211004615   教育系资料室/ [索取号:G531.3/76] 在馆    
3 1100462   211004624   教育系资料室/ [索取号:G531.3/76] 在馆    
4 1100463   211004633   教育系资料室/ [索取号:G531.3/76] 在馆    
5 1100464   211004642   第四借阅区/ [索取号:G531.3/76] 在馆    
6 1100465   211004651   第四借阅区/ [索取号:G531.3/76] 在馆    
唐山师范学院图书馆 欢迎您!
大连网信软件有限公司© 版权所有